[Event "Maia op"]
[Site "Maia"]
[Date "2024.08.31"]
[Round "9"]
[White "Ibarra Jerez, Juan Miguel"]
[Black "Veiga, Jose Francisco RP"]
[Result "0-1"]
[WhiteElo "2219"]
[BlackElo "2385"]
[PlyCount "52"]
[EventDate "2024.08.23"]
[EventType "swiss"]
[EventRounds "9"]
[EventCountry "POR"]
[SourceTitle "CBM 221 Extra"]
[Source "ChessBase"]
[SourceDate "2024.09.30"]
[SourceVersion "1"]
[SourceVersionDate "2024.09.30"]
[SourceQuality "1"]

1. Nf3 Nf6 2. g3 g6 3. Bg2 Bg7 4. 0-0 0-0 5. d4 d6 6. a4 Nc6 7. a5 Bd7 8. a6 bxa6 9. Rxa6 Qc8 10. Ra1 Bh3 11. c3 Bxg2 12. Kxg2 Qb7 13. Nbd2 e5 14. dxe5 Nxe5 15. Kg1 Rfe8 16. Nxe5 Rxe5 17. Nf3 Re7 18. Qc2 Rae8 19. Re1 Ng4 20. Qa4 Rxe2 21. Qxe8+ Rxe8 22. Rxe8+ Bf8 23. Ne1 Qb5 24. Re4 f5 25. Rd4 Qe2 26. Nd3 Bg7 0-1

[Event "Maia op"]
[Site "Maia"]
[Date "2024.08.28"]
[Round "6"]
[White "Ibarra Jerez, Juan Miguel"]
[Black "Staroszczyk, Mateusz"]
[Result "1-0"]
[WhiteElo "2219"]
[BlackElo "1934"]
[PlyCount "71"]
[EventDate "2024.08.23"]
[EventType "swiss"]
[EventRounds "9"]
[EventCountry "POR"]
[SourceTitle "CBM 221 Extra"]
[Source "ChessBase"]
[SourceDate "2024.09.30"]
[SourceVersion "1"]
[SourceVersionDate "2024.09.30"]
[SourceQuality "1"]

1. Nf3 d5 2. g3 c6 3. Bg2 Bf5 4. d3 e6 5. 0-0 Nf6 6. Nfd2 h6 7. e4 Bh7 8. f4 Bc5+ 9. Kh1 0-0 10. Qe2 Re8 11. Nc3 a5 12. g4 Na6 13. g5 hxg5 14. fxg5 Nd7 15. Nf3 Nf8 16. Ne5 Re7 17. Qh5 Qc7 18. Ng4 Bg6 19. Qh4 Nh7 20. Ne2 Bd6 21. Nf4 Bxf4 22. Bxf4 e5 23. Bg3 d4 24. Rf5 Rae8 25. Raf1 Nc5 26. c3 dxc3 27. d4 cxb2 28. dxc5 Bxf5 29. exf5 Qd7 30. Be4 Qd4 31. Bb1 e4 32. Bd6 Rd7 33. g6 Nf8 34. Bxf8 Kxf8 35. f6 gxf6 36. Nxf6 1-0

[Event "Lorca op 6th"]
[Site "Lorca"]
[Date "2017.12.27"]
[Round "2"]
[White "Ibarra Jerez, Juan Miguel"]
[Black "Bogner, Sebastian"]
[Result "0-1"]
[WhiteElo "2233"]
[BlackElo "2586"]
[PlyCount "26"]
[EventDate "2017.12.26"]
[EventType "swiss"]
[EventRounds "9"]
[EventCountry "ESP"]
[SourceTitle "CBM 182 Extra"]
[Source "ChessBase"]
[SourceDate "2018.02.23"]
[SourceVersion "1"]
[SourceVersionDate "2018.02.23"]
[SourceQuality "1"]

1. e4 c5 2. c3 Nf6 3. e5 Nd5 4. d4 cxd4 5. Nf3 Nc6 6. cxd4 d6 7. Bc4 dxe5 8. dxe5 Ndb4 9. 0-0 Qxd1 10. Rxd1 Bg4 11. Nc3 g6 12. Bf4 Bg7 13. a3 Bxf3 0-1

[Event "Gibraltar Challengers-B 13th"]
[Site "Caleta"]
[Date "2015.02.04"]
[Round "5"]
[White "Ibarra Jerez, Juan Miguel"]
[Black "Agrest, Inna"]
[Result "0-1"]
[WhiteElo "2238"]
[BlackElo "2179"]
[PlyCount "122"]
[EventDate "2015.01.31"]
[EventType "swiss"]
[EventRounds "5"]
[EventCountry "GGB"]
[SourceTitle "CBM 164 Extra"]
[Source "ChessBase"]
[SourceDate "2015.03.02"]
[SourceVersion "1"]
[SourceVersionDate "2015.03.02"]
[SourceQuality "1"]

1. d4 Nf6 2. Nc3 d5 3. Bf4 e6 4. e3 Be7 5. Nf3 0-0 6. Bd3 c5 7. 0-0 Nc6 8. Qd2 Nh5 9. Be5 f6 10. Bg3 Nxg3 11. hxg3 a6 12. dxc5 Bxc5 13. e4 d4 14. Ne2 Qe7 15. Bc4 Rd8 16. a3 Kh8 17. Nf4 b5 18. Bb3 Ra7 19. Qe2 e5 20. Nd5 Qe8 21. Ne1 Qg6 22. Nd3 Bd6 23. Nb6 Bb7 24. a4 Na5 25. Bd5 b4 26. b3 Bxd5 27. Nxd5 Nc6 28. g4 a5 29. g3 Re8 30. Nb6 Nd8 31. f3 Rc7 32. Nc4 Nb7 33. Kg2 h6 34. Nb6 Rc6 35. Nd5 Rec8 36. Rac1 Bf8 37. Nb2 Qf7 38. Nc4 Rxc4 39. bxc4 Nd6 40. f4 Nxc4 41. g5 exf4 42. gxf6 gxf6 43. Rxf4 Bg7 44. Qf2 Rc6 45. Qxd4 f5 46. Qf2 Qe6 47. Rxf5 Qxe4+ 48. Kh2 Ne5 49. Rxe5 Qxe5 50. Nf4 Qe4 51. Qd2 Bd4 52. Kh3 Qf5+ 53. Kh2 Qe4 54. Kh3 Rc3 55. Kg4 Qf3+ 56. Kf5 Rc5+ 57. Ke6 Qc6+ 58. Kf7 Qf6+ 59. Ke8 Rc8+ 60. Kd7 Rd8+ 61. Kc7 Qb6# 0-1

[Event "ESP-chT CECLUB Div2"]
[Site "Linares"]
[Date "2014.08.22"]
[Round "6.3"]
[White "Gonzalez Diaz, Julio"]
[Black "Ibarra Jerez, Juan Miguel"]
[Result "1-0"]
[WhiteElo "2286"]
[BlackElo "2249"]
[PlyCount "85"]
[EventDate "2014.08.18"]
[EventType "team-swiss"]
[EventRounds "6"]
[EventCountry "ESP"]
[SourceTitle "CBM 162 Extra"]
[Source "ChessBase"]
[SourceDate "2014.10.17"]
[SourceVersion "1"]
[SourceVersionDate "2014.10.17"]
[SourceQuality "1"]
[WhiteTeam "Fontecarmoa CC"]
[BlackTeam "Totana"]
[WhiteTeamCountry "ESP"]
[BlackTeamCountry "ESP"]

1. g3 c5 2. Bg2 Nc6 3. c4 g6 4. Nc3 Bg7 5. Nf3 d6 6. 0-0 Bd7 7. a3 Nf6 8. Rb1 a5 9. d3 0-0 10. Ne1 Qc8 11. Nc2 Bh3 12. e4 Bxg2 13. Kxg2 Nd4 14. Nxd4 cxd4 15. Nb5 Ne8 16. b4 axb4 17. Rxb4 Nc7 18. Nxc7 Qxc7 19. Qb3 Ra7 20. Rb5 Rfa8 21. h3 Qc6 22. f3 h6 23. g4 Kh7 24. h4 e6 25. Rf2 Qd7 26. Re2 Qe7 27. Kh3 Bf6 28. g5 Bg7 29. a4 Rxa4 30. Rxb7 Qf8 31. Qb6 Ra1 32. Rc2 hxg5 33. hxg5 Be5 34. Qc7 Kg7 35. Kg2 Qg8 36. f4 Rxc1 37. Rxc1 Bxf4 38. Rc2 Be5 39. Rf2 Rf8 40. c5 Kh8 41. Rf3 Qg7 42. c6 Kg8 43. Rxf7 1-0

[Event "Benidorm op U2300 11th"]
[Site "Benidorm"]
[Date "2012.12.06"]
[Round "8"]
[White "Simon Padros, Emili"]
[Black "Ibarra Jerez, Juan Miguel"]
[Result "0-1"]
[WhiteElo "2214"]
[BlackElo "2278"]
[PlyCount "78"]
[EventDate "2012.11.30"]
[EventType "swiss"]
[EventRounds "10"]
[EventCountry "ESP"]
[SourceTitle "EXT 2014"]
[Source "ChessBase"]
[SourceDate "2013.11.20"]
[SourceVersion "1"]
[SourceVersionDate "2013.11.20"]
[SourceQuality "1"]

1. e4 c5 2. d3 b6 3. f4 Bb7 4. Nf3 e6 5. c3 d5 6. e5 h5 7. d4 Nh6 8. Be3 Qd7 9. Bd3 Ba6 10. Bxa6 Nxa6 11. 0-0 Nf5 12. Bf2 Be7 13. Na3 cxd4 14. Nxd4 Nxd4 15. cxd4 Nb4 16. Nb1 Nc6 17. Nc3 0-0-0 18. Rc1 Kb7 19. Qf3 g6 20. Qd3 Rc8 21. Qb5 Rc7 22. Qe2 Na5 23. Nb5 Rcc8 24. Rxc8 Rxc8 25. Be1 Nc4 26. Nc3 a6 27. h3 b5 28. g4 hxg4 29. hxg4 Bd8 30. b3 Na5 31. Qd3 Bb6 32. Bf2 Rc7 33. Ne2 Qc8 34. Kg2 Rc2 35. Be1 Rxa2 36. Bxa5 Bxa5 37. Rh1 Rd2 38. Qf3 Qc2 39. Rc1 Qxc1 0-1

[Event "Roquetas de Mar op 23rd"]
[Site "Roquetas de Mar"]
[Date "2012.01.03"]
[Round "2"]
[White "Malakhatko, Vadim"]
[Black "Ibarra Jerez, Juan Miguel"]
[Result "1-0"]
[WhiteElo "2524"]
[BlackElo "2266"]
[PlyCount "191"]
[EventDate "2012.01.02"]
[EventType "swiss"]
[EventRounds "9"]
[EventCountry "ESP"]
[SourceTitle "CBM 146 Extra"]
[Source "ChessBase"]
[SourceDate "2012.02.29"]
[SourceVersion "1"]
[SourceVersionDate "2012.02.29"]
[SourceQuality "1"]

1. d4 Nf6 2. c4 d6 3. Nf3 g6 4. Nc3 Bf5 5. h3 Ne4 6. Nxe4 Bxe4 7. Ng5 Bc6 8. d5 Bd7 9. Qd4 f6 10. Nf3 Bg7 11. h4 e5 12. dxe6 Bxe6 13. h5 Nc6 14. Qc3 gxh5 15. Rxh5 Qd7 16. Bh6 0-0-0 17. e3 Rhg8 18. Bxg7 Rxg7 19. 0-0-0 Qf7 20. Rh4 Bg4 21. Be2 h5 22. b3 Qe7 23. g3 d5 24. cxd5 Qa3+ 25. Kb1 Nb4 26. Qb2 Qa5 27. e4 Re7 28. a3 Nxd5 29. exd5 Rxd5 30. Rc1 Rf5 31. Rxg4 hxg4 32. Nh4 Rd5 33. Bxg4+ Kb8 34. Qxf6 Re8 35. Qf7 Red8 36. Qe7 c6 37. Qb4 Qa6 38. Nf3 Qd3+ 39. Kb2 Ka8 40. Ne1 Qg6 41. Bf3 Rf5 42. Qc3 Qf7 43. Rc2 Qe7 44. Ng2 Rf6 45. Nf4 Rfd6 46. b4 Qg5 47. Be2 a6 48. Nd3 Qf5 49. Ne5 Qxf2 50. Bxa6 Qb6 51. Be2 Re6 52. Bc4 Re7 53. Bb3 Qc7 54. Nc4 Rde8 55. g4 Re4 56. g5 Rg4 57. Qf6 Qe7 58. Nd6 Qe5+ 59. Qxe5 Rxe5 60. Nf7 Re3 61. Rf2 Ka7 62. Bc2 Rgg3 63. g6 Rxa3 64. Nd6 Raf3 65. Rxf3 Rxf3 66. g7 Rg3 67. Nf5 Rg2 68. Kc3 Kb6 69. Bb3 c5 70. g8Q cxb4+ 71. Kxb4 Rxg8 72. Bxg8 Kc6 73. Ne3 b5 74. Nd5 Kd6 75. Kxb5 Ke5 76. Kc5 Kf5 77. Kd4 Kg6 78. Ke5 Kg7 79. Be6 Kh8 80. Kf6 Kh7 81. Ne7 Kh8 82. Ng6+ Kh7 83. Bd5 Kh6 84. Bg8 Kh5 85. Ne5 Kh4 86. Kf5 Kg3 87. Ng4 Kf3 88. Bc4 Kg3 89. Bd5 Kh4 90. Kf4 Kh5 91. Bf7+ Kh4 92. Ne3 Kh3 93. Bh5 Kh4 94. Be2 Kh3 95. Bg4+ Kh2 96. Kf3 1-0

[Event "ESP-ch Universities"]
[Site "Alicante"]
[Date "2011.05.11"]
[Round "9"]
[White "Pallardo Lozoya, Jose Vicente"]
[Black "Ibarra Jerez, Juan Miguel"]
[Result "0-1"]
[WhiteElo "2365"]
[BlackElo "2264"]
[PlyCount "82"]
[EventDate "2011.05.09"]
[EventType "team-swiss"]
[EventRounds "9"]
[EventCountry "ESP"]
[SourceTitle "CBM 142 Extra"]
[Source "ChessBase"]
[SourceDate "2011.06.27"]
[SourceVersion "1"]
[SourceVersionDate "2011.06.27"]
[SourceQuality "1"]

1. f4 g6 2. g3 Bg7 3. Bg2 d5 4. Nf3 Nc6 5. 0-0 Nf6 6. d3 0-0 7. Qe1 Qd6 8. c3 e5 9. fxe5 Nxe5 10. Nxe5 Qxe5 11. Bf4 Qh5 12. Nd2 Re8 13. Nf3 Bh3 14. Qd2 Re7 15. Rae1 Rae8 16. Bg5 h6 17. Bxf6 Bxf6 18. e3 Bg4 19. Rf2 c6 20. b3 Bxf3 21. Bxf3 Qe5 22. d4 Qd6 23. Qd3 Bg5 24. Rfe2 f5 25. c4 dxc4 26. bxc4 c5 27. Kg2 Bf6 28. Bd5+ Kg7 29. Kf3 Re4 30. Qb3 cxd4 31. exd4 Rxe2 32. Rxe2 Rxe2 33. Kxe2 b6 34. Kd3 h5 35. Qa4 Qe7 36. Qc6 Qe1 37. Qc7+ Kh6 38. Qf4+ Bg5 39. Qc7 Bf6 40. Bf3 Qf1+ 41. Be2 Qb1+ 0-1

[Event "ESP-ch Universities"]
[Site "Alicante"]
[Date "2011.05.10"]
[Round "6"]
[White "Ibarra Jerez, Juan Miguel"]
[Black "Alonso Macias, Victor"]
[Result "1-0"]
[WhiteElo "2264"]
[BlackElo "2012"]
[PlyCount "69"]
[EventDate "2011.05.09"]
[EventType "team-swiss"]
[EventRounds "9"]
[EventCountry "ESP"]
[SourceTitle "CBM 142 Extra"]
[Source "ChessBase"]
[SourceDate "2011.06.27"]
[SourceVersion "1"]
[SourceVersionDate "2011.06.27"]
[SourceQuality "1"]

1. e4 d5 2. exd5 Nf6 3. Bb5+ Bd7 4. Be2 Nxd5 5. d4 Bf5 6. Nf3 e6 7. 0-0 Nc6 8. c4 Nf6 9. Nc3 Bd6 10. Bg5 h6 11. Bh4 g5 12. d5 exd5 13. cxd5 Ne7 14. Qd4 Ng6 15. Bb5+ Nd7 16. Qg7 a6 17. Rfe1+ Be7 18. Nd4 Bg4 19. d6 cxd6 20. Nd5 axb5 21. Rxe7+ Qxe7 22. Nxe7 Kxe7 23. Re1+ Nde5 24. Bg3 Rag8 25. Bxe5 dxe5 26. Rxe5+ Nxe5 27. Qxe5+ Kd7 28. Nxb5 f5 29. h3 Bh5 30. Qc7+ Ke6 31. Nd4+ Kd5 32. Nxf5 Rd8 33. Qxb7+ Ke5 34. g4 Bg6 35. Qg7+ 1-0

[Event "ESP-ch Universities"]
[Site "Alicante"]
[Date "2011.05.10"]
[Round "7"]
[White "Valmana Canto, Jaime"]
[Black "Ibarra Jerez, Juan Miguel"]
[Result "1-0"]
[WhiteElo "2335"]
[BlackElo "2264"]
[PlyCount "108"]
[EventDate "2011.05.09"]
[EventType "team-swiss"]
[EventRounds "9"]
[EventCountry "ESP"]
[SourceTitle "CBM 142 Extra"]
[Source "ChessBase"]
[SourceDate "2011.06.27"]
[SourceVersion "1"]
[SourceVersionDate "2011.06.27"]
[SourceQuality "1"]

1. e4 c5 2. Nc3 a6 3. Nge2 e6 4. g3 b5 5. Bg2 Bb7 6. 0-0 Nf6 7. d3 d5 8. e5 Ng4 9. Nf4 Nxe5 10. Qh5 Qd6 11. Re1 Nbd7 12. Nfxd5 0-0-0 13. Bf4 f6 14. Ne3 Bxg2 15. Nxg2 Qc6 16. Ne4 g6 17. Qe2 Bg7 18. a4 Kb7 19. axb5 axb5 20. b4 cxb4 21. Rab1 g5 22. Bxe5 Nxe5 23. Rxb4 f5 24. d4 Nc4 25. Nc5+ Kc8 26. Qxe6+ Qxe6 27. Nxe6 Bf6 28. Rxb5 Nd2 29. Rxf5 Bxd4 30. Rd1 Ne4 31. Nxd8 Rxd8 32. Ne3 Nxf2 33. Rxd4 Nh3+ 34. Kg2 Rxd4 35. Kxh3 Re4 36. Nd5 g4+ 37. Kh4 Re2 38. Kxg4 Rxh2 39. c4 Rc2 40. c5 Kd7 41. Nf6+ Ke6 42. Nxh7 Rc3 43. Ng5+ Ke7 44. Ne4 Rc4 45. Kf4 Ke6 46. Re5+ Kf7 47. g4 Kg6 48. Rg5+ Kh6 49. Rd5 Kg6 50. Rd6+ Kg7 51. c6 Kf7 52. g5 Ke7 53. Rf6 Rd4 54. g6 Ke8 1-0

[Event "La Roda op 37th"]
[Site "La Roda"]
[Date "2010.04.03"]
[Round "7"]
[White "Gemy Vargas, Jose Daniel"]
[Black "Ibarra Jerez, Juan Miguel"]
[Result "1-0"]
[WhiteElo "2215"]
[BlackElo "2271"]
[PlyCount "145"]
[EventDate "2010.03.31"]
[EventType "swiss"]
[EventRounds "9"]
[EventCountry "ESP"]
[SourceTitle "CBM 135 Extra"]
[Source "ChessBase"]
[SourceDate "2010.05.04"]
[SourceVersion "1"]
[SourceVersionDate "2010.05.04"]
[SourceQuality "1"]

1. Nf3 Nf6 2. c4 g6 3. g3 Bg7 4. Bg2 d6 5. 0-0 0-0 6. d3 c5 7. Nc3 Nc6 8. Rb1 Bd7 9. Bd2 Qc8 10. Re1 Bh3 11. Bh1 h6 12. a3 a5 13. Qc2 Qf5 14. Nd5 Nxd5 15. e4 Ne3 16. Rxe3 Qh5 17. b4 axb4 18. axb4 f5 19. exf5 Qxf5 20. Be1 cxb4 21. Bg2 Bxg2 22. Kxg2 Qc5 23. d4 Qh5 24. Qe4 Ra2 25. g4 Qa5 26. Qxg6 Rf6 27. Qe4 e5 28. dxe5 dxe5 29. Rd1 Rf4 30. Qg6 Qc7 31. h3 Ra8 32. g5 Qf7 33. Qxf7+ Rxf7 34. Rb1 Rf4 35. gxh6 Bf6 36. Bxb4 Kh7 37. Bd6 Rg8+ 38. Kf1 Rxc4 39. Rxb7+ Kxh6 40. Nxe5 Rc1+ 41. Ke2 Nd4+ 42. Kd3 Rd1+ 43. Ke4 Nc2 44. Re2 Rd4+ 45. Kf3 Bh4 46. Ng4+ Rdxg4 47. hxg4 Nd4+ 48. Ke3 Nxe2 49. Kxe2 Rxg4 50. Ke3 Bxf2+ 51. Kxf2 Rd4 52. Be5 Re4 53. Rb5 Kg5 54. Kf3 Ra4 55. Bf4+ Kf6 56. Kg4 Ke6 57. Re5+ Kd7 58. Kf5 Kc6 59. Be3 Rc4 60. Ke6 Rc2 61. Bd4 Rc4 62. Rd5 Rc2 63. Be5 Re2 64. Rd8 Kb5 65. Kd5 Rc2 66. Rb8+ Ka4 67. Bd4 Rc1 68. Ke4 Rd1 69. Bc3 Rd7 70. Bd4 Ka5 71. Kd3 Ka6 72. Kc4 Rb7 73. Ra8+ 1-0

[Event "Benidorm op U2300 08th"]
[Site "Benidorm"]
[Date "2009.12.05"]
[Round "8"]
[White "Ibarra Jerez, Juan Miguel"]
[Black "Longa Yauca, Javier"]
[Result "0-1"]
[WhiteElo "2237"]
[BlackElo "2293"]
[PlyCount "137"]
[EventDate "2009.11.28"]
[EventType "swiss"]
[EventRounds "10"]
[EventCountry "ESP"]
[SourceTitle "CBM 133 Extra"]
[Source "ChessBase"]
[SourceDate "2010.01.05"]
[SourceVersion "1"]
[SourceVersionDate "2010.01.05"]
[SourceQuality "1"]

1. e4 e6 2. d4 d5 3. Nd2 dxe4 4. Nxe4 Nd7 5. Nf3 Ngf6 6. Nxf6+ Nxf6 7. c3 Be7 8. Ne5 0-0 9. Bd3 c5 10. dxc5 Bxc5 11. Qe2 Qc7 12. Bf4 Nd5 13. Bg3 Qe7 14. h4 f6 15. Nf3 g6 16. Rd1 Bd7 17. 0-0 Rae8 18. Rfe1 Bc6 19. Bc4 Kg7 20. Qc2 Qf7 21. b4 Bb6 22. Bd6 Rg8 23. Qb3 Qd7 24. Bg3 Ba4 25. Qb1 Bxd1 26. Qxd1 Rd8 27. Qb3 Rge8 28. a4 a6 29. Rd1 Bc7 30. Bxc7 Qxc7 31. Nd4 Nf4 32. Re1 e5 33. Nf3 Rc8 34. Bd5 Qxc3 35. Qxc3 Rxc3 36. Bxb7 Rb8 37. Bxa6 Rxb4 38. Bb5 Nxg2 39. Kxg2 Rg4+ 40. Kf1 Rxf3 41. Be2 Rff4 42. Bxg4 Rxg4 43. Ra1 Rxh4 44. Ke2 Rd4 45. a5 Rd8 46. a6 h5 47. a7 Ra8 48. Kd3 f5 49. Kc4 h4 50. Kd5 e4 51. Kc6 Kh6 52. Kb7 Rxa7+ 53. Kxa7 Kg5 54. Rh1 Kg4 55. Kb6 g5 56. Kc5 Kf3 57. Rh2 e3 58. fxe3 Kxe3 59. Rh3+ Kf2 60. Kd4 Kg2 61. Ra3 h3 62. Ke5 f4 63. Ra2+ Kg3 64. Ke4 g4 65. Ra1 h2 66. Rb1 f3 67. Ke3 f2 68. Rf1 Kh3 69. Rxf2 0-1

[Event "ESP-ch zone 2"]
[Site "Merida"]
[Date "2008.08.19"]
[Round "3.5"]
[White "Espinosa Aranda, Angel"]
[Black "Ibarra Jerez, Juan Miguel"]
[Result "1/2-1/2"]
[WhiteElo "2313"]
[BlackElo "2186"]
[PlyCount "38"]
[EventDate "2008.08.18"]
[EventType "swiss"]
[EventRounds "4"]
[EventCountry "ESP"]
[SourceTitle "CBM 126 Extra"]
[Source "ChessBase"]
[SourceDate "2008.11.05"]
[SourceVersion "1"]
[SourceVersionDate "2008.11.05"]
[SourceQuality "1"]

1. e4 c5 2. Nc3 Nc6 3. Nf3 d6 4. d4 cxd4 5. Nxd4 Nf6 6. Bg5 Bd7 7. Qd2 a6 8. 0-0-0 e6 9. f4 Be7 10. Kb1 h6 11. Bh4 b5 12. Nxc6 Bxc6 13. Bxf6 Bxf6 14. Qxd6 Qxd6 15. Rxd6 Rc8 16. e5 Be7 17. Rd1 Bc5 18. Bd3 Bxg2 19. Rhe1 Bf3 1/2-1/2

[Event "ESP-ch Universities"]
[Site "Madrid"]
[Date "2008.05.10"]
[Round "8"]
[White "Ibarra Jerez, Juan Miguel"]
[Black "Pavon Cardenas, Jesus Miguel"]
[Result "1-0"]
[WhiteElo "2176"]
[BlackElo "2093"]
[PlyCount "71"]
[EventDate "2008.05.08"]
[EventType "swiss"]
[EventRounds "9"]
[EventCountry "ESP"]
[SourceTitle "CBM 124 Extra"]
[Source "ChessBase"]
[SourceDate "2008.07.03"]
[SourceVersion "1"]
[SourceVersionDate "2008.07.03"]
[SourceQuality "1"]

1. e4 d5 2. exd5 Nf6 3. Bb5+ Nbd7 4. c4 a6 5. Ba4 b5 6. cxb5 Nxd5 7. Nc3 Bb7 8. Nf3 e6 9. d4 Be7 10. bxa6 Rxa6 11. Ne5 N5b6 12. Bb5 Ra5 13. 0-0 Qa8 14. Re1 c6 15. Bd3 0-0 16. Bd2 Rd8 17. Bxh7+ Kf8 18. Qe2 Nxe5 19. dxe5 Ba6 20. Qh5 Rxd2 21. Bf5 Bc5 22. Ne4 Bxf2+ 23. Nxf2 exf5 24. Qh8+ Ke7 25. Qxg7 Re2 26. Qf6+ Ke8 27. e6 Rxe6 28. Rxe6+ fxe6 29. Qxe6+ Kf8 30. Qf6+ Kg8 31. Qg6+ Kf8 32. Qf6+ Kg8 33. Re1 Nd5 34. Qg6+ Kf8 35. Qxf5+ Kg7 36. Re6 1-0

[Event "ESP-ch Universities"]
[Site "Madrid"]
[Date "2008.05.09"]
[Round "4"]
[White "Ibarra Jerez, Juan Miguel"]
[Black "Martinez Sanchez, Carmen"]
[Result "1-0"]
[WhiteElo "2176"]
[BlackElo "1907"]
[PlyCount "69"]
[EventDate "2008.05.08"]
[EventType "swiss"]
[EventRounds "9"]
[EventCountry "ESP"]
[SourceTitle "CBM 124 Extra"]
[Source "ChessBase"]
[SourceDate "2008.07.03"]
[SourceVersion "1"]
[SourceVersionDate "2008.07.03"]
[SourceQuality "1"]

1. e4 c5 2. Nf3 Nc6 3. d4 cxd4 4. Nxd4 Nf6 5. Nc3 d6 6. Be2 g6 7. Be3 Bg7 8. Qd2 0-0 9. 0-0-0 Bd7 10. Kb1 a6 11. Rhg1 b5 12. a3 Ne5 13. Qe1 Rc8 14. f4 Nc4 15. Bc1 Qc7 16. Rd3 Qc5 17. Nb3 Qb6 18. g4 Bc6 19. Bf3 Nd7 20. g5 a5 21. Bg4 a4 22. Nd2 Nc5 23. Rh3 Rb8 24. Qh4 Rfd8 25. f5 Nxd2+ 26. Bxd2 Nxe4 27. Be3 Qc7 28. Nxe4 Bxe4 29. f6 Qxc2+ 30. Ka1 exf6 31. gxf6 h5 32. Bxh5 Qb3 33. Bd4 Qd5 34. Bc3 Qxh5 35. Qxh5 1-0

[Event "ESP-ch Universities"]
[Site "Madrid"]
[Date "2008.05.08"]
[Round "3"]
[White "Simonet Planas, Adrian"]
[Black "Ibarra Jerez, Juan Miguel"]
[Result "1-0"]
[WhiteElo "2027"]
[BlackElo "2176"]
[PlyCount "93"]
[EventDate "2008.05.08"]
[EventType "swiss"]
[EventRounds "9"]
[EventCountry "ESP"]
[SourceTitle "CBM 124 Extra"]
[Source "ChessBase"]
[SourceDate "2008.07.03"]
[SourceVersion "1"]
[SourceVersionDate "2008.07.03"]
[SourceQuality "1"]

1. c4 Nf6 2. Nc3 g6 3. d4 Bg7 4. e4 d6 5. Nf3 0-0 6. Be2 e5 7. dxe5 dxe5 8. Qxd8 Rxd8 9. Bg5 c6 10. Nxe5 Na6 11. Nd3 Re8 12. f3 Be6 13. Nf4 Nd7 14. Nxe6 Rxe6 15. 0-0-0 Ndc5 16. Rd2 Ree8 17. Rhd1 Ne6 18. Be3 Nac5 19. Kc2 a5 20. Bf1 Na6 21. g3 Nec5 22. Ne2 f5 23. Bxc5 Nxc5 24. exf5 Bh6 25. Rd6 Bf8 26. R6d4 Re3 27. fxg6 Rxf3 28. gxh7+ Kxh7 29. Rf4 Re3 30. Nd4 Bh6 31. Rh4 Rf8 32. Bd3+ Rxd3 33. Rxd3 Rf2+ 34. Kc3 Na4+ 35. Kb3 Nc5+ 36. Kc3 Kg6 37. Rf3 Na4+ 38. Kb3 Nc5+ 39. Ka3 Rxf3+ 40. Nxf3 b5 41. cxb5 cxb5 42. Rxh6+ Kxh6 43. b4 Na6 44. bxa5 Kh5 45. Nd4 b4+ 46. Ka4 Kg4 47. Kb5 1-0

[Event "ESP-ch Student"]
[Site "Cartagena"]
[Date "2007.05.08"]
[Round "3"]
[White "Ibarra Jerez, Juan Miguel"]
[Black "Torroglosa Minarro, Juan Jose"]
[Result "1-0"]
[WhiteElo "2152"]
[BlackElo "1941"]
[PlyCount "105"]
[EventDate "2007.05.06"]
[EventType "swiss"]
[EventRounds "9"]
[EventCountry "ESP"]
[SourceTitle "CBM 118 Extra"]
[Source "ChessBase"]
[SourceDate "2007.07.04"]
[SourceVersion "1"]
[SourceVersionDate "2007.07.04"]
[SourceQuality "1"]

1. e4 c6 2. d4 d5 3. Nc3 dxe4 4. Nxe4 Bf5 5. Ng3 Bg6 6. h4 h6 7. Nf3 Nd7 8. h5 Bh7 9. Bd3 Bxd3 10. Qxd3 Ngf6 11. Bf4 Qa5+ 12. Bd2 Qc7 13. 0-0-0 0-0-0 14. Ne4 Nxe4 15. Qxe4 Nf6 16. Qe2 e6 17. g3 Bd6 18. Kb1 Nd7 19. c4 c5 20. Bc3 Rhg8 21. Rd2 a6 22. Rhd1 cxd4 23. Nxd4 Nc5 24. b3 g6 25. hxg6 Rxg6 26. Nf3 Qc6 27. Rd4 Rgg8 28. Kb2 Qb6 29. Ka1 Bc7 30. Qd2 Rxd4 31. Bxd4 Rd8 32. Qe3 Qb4 33. Rd2 Nd7 34. Bc3 Qa3 35. Bb2 Qe7 36. Qxh6 Ba5 37. Rd1 Nc5 38. Rxd8+ Qxd8 39. Qh8 Qxh8 40. Bxh8 Ne4 41. Bd4 Bc7 42. Kb2 Kd7 43. Kc2 f5 44. Nd2 Ng5 45. Be3 Nf7 46. f4 Nh6 47. Bd4 Ng4 48. Nf3 Nh6 49. Kd3 Ba5 50. a3 Ng8 51. b4 Bc7 52. Ke3 Ne7 53. Bc3 1-0

[Event "ESP-chT 1st div South"]
[Site "Santa Cruz de Tenerife"]
[Date "2006.08.26"]
[Round "5"]
[White "Martin Luis, Cesar"]
[Black "Ibarra Jerez, Juan Miguel"]
[Result "1/2-1/2"]
[WhiteElo "2246"]
[BlackElo "2163"]
[PlyCount "58"]
[EventDate "2006.08.23"]
[EventType "team-tourn"]
[EventRounds "5"]
[EventCountry "ESP"]
[SourceTitle "CBM 113 Extra"]
[Source "ChessBase"]
[SourceDate "2006.09.14"]
[SourceVersion "1"]
[SourceVersionDate "2006.09.14"]
[SourceQuality "1"]

1. d4 Nf6 2. c4 g6 3. Nf3 Bg7 4. g3 0-0 5. Bg2 d6 6. 0-0 c5 7. d5 e6 8. Nc3 exd5 9. cxd5 Na6 10. Nd2 Nc7 11. Nde4 b5 12. Nxd6 Qxd6 13. Bf4 Qb6 14. d6 Ne6 15. Bxa8 Nxf4 16. gxf4 Bh3 17. Bg2 Bxg2 18. Kxg2 Qc6+ 19. Kg1 b4 20. Na4 Ne4 21. Rc1 c4 22. Qd3 Nxd6 23. Rfd1 Nf5 24. Qd7 Qe4 25. e3 Nxe3 26. fxe3 Qxe3+ 27. Kh1 Qf3+ 28. Kg1 Qe3+ 29. Kh1 Qf3+ 1/2-1/2

[Event "La Roda op 31st"]
[Site "La Roda"]
[Date "2004.04.11"]
[Round "8"]
[White "Ibarra Jerez, Juan Miguel"]
[Black "Mirzoev, Azer"]
[Result "0-1"]
[WhiteElo "2181"]
[BlackElo "2544"]
[PlyCount "66"]
[EventDate "2004.04.07"]
[EventType "swiss"]
[EventRounds "9"]
[EventCountry "ESP"]
[SourceTitle "CBM 099 Extra"]
[Source "ChessBase"]
[SourceDate "2004.05.04"]
[SourceVersion "1"]
[SourceVersionDate "2004.05.04"]
[SourceQuality "1"]

1. e4 c5 2. Nf3 Nc6 3. d4 cxd4 4. Nxd4 e6 5. Nc3 Qc7 6. g3 a6 7. Bg2 d6 8. 0-0 Nf6 9. b3 Be7 10. Bb2 0-0 11. Qd2 Bd7 12. Nce2 b5 13. Rac1 Nxd4 14. Nxd4 Rac8 15. c4 Qa7 16. Qe2 bxc4 17. Rxc4 Rxc4 18. Qxc4 Rc8 19. Qb4 e5 20. Nf5 Bxf5 21. exf5 Rc2 22. Bc1 d5 23. Qa5 h6 24. Be3 Bc5 25. Rc1 Rxc1+ 26. Bxc1 Bxf2+ 27. Kh1 Bb6 28. Qc3 e4 29. Bxh6 Qd7 30. Qe5 Qc6 31. Bg5 Ng4 32. Qb8+ Kh7 33. h3 Qc5 0-1

[Event "La Roda op 31st"]
[Site "La Roda"]
[Date "2004.04.10"]
[Round "7"]
[White "Adla, Diego Gustavo"]
[Black "Ibarra Jerez, Juan Miguel"]
[Result "0-1"]
[WhiteElo "2491"]
[BlackElo "2181"]
[PlyCount "70"]
[EventDate "2004.04.07"]
[EventType "swiss"]
[EventRounds "9"]
[EventCountry "ESP"]
[SourceTitle "CBM 099 Extra"]
[Source "ChessBase"]
[SourceDate "2004.05.04"]
[SourceVersion "1"]
[SourceVersionDate "2004.05.04"]
[SourceQuality "1"]

1. c4 Nf6 2. Nf3 g6 3. g3 Bg7 4. Bg2 0-0 5. 0-0 d6 6. Nc3 c5 7. d4 Nc6 8. dxc5 dxc5 9. Qb3 Qa5 10. Nd5 Nxd5 11. cxd5 Ne5 12. Nxe5 Bxe5 13. Bh6 Re8 14. Rac1 Bf5 15. e4 Bg4 16. Be3 Rac8 17. f3 Bd7 18. f4 Bd4 19. Rfe1 Ba4 20. Qa3 Qd2 21. Kh1 Bxe3 22. Qxe3 Qxb2 23. Rb1 Qxa2 24. Rxb7 c4 25. e5 c3 26. e6 f6 27. Qxa7 Qd2 28. Rg1 c2 29. Rxe7 Rxe7 30. Qxe7 Be8 31. h4 c1Q 32. Rxc1 Rxc1+ 33. Kh2 Rc2 34. Qxe8+ Kg7 35. Qe7+ Kh6 0-1